Tous les Terminus de Bus Tisséo (Toulouse) - Statistiques

Statistiques générales
  • Ce quiz a été pris 287 fois
  • Le résultat moyen est 69 sur 226
Statistiques - réponses
Hint Réponse % Correct
14 | 18 | 21 | +10 others Basso Cambo
77%
34 | 67 | Lineo 2 | Lineo 3 Arènes
75%
79 Ramonville
69%
27 | 37 | 111 | +2 others Ramonville
69%
15 | 23 | 29 | +3 others Jeanne d'Arc
64%
20 | 68 | 72 | +5 others Balma Gramont
61%
51 Balma Gramont
61%
19 | 26 | 36 | +5 others Borderouge
60%
44 Empalot
60%
54 | 152 | Lineo 4 | Lineo 5 Empalot
60%
14 | Lineo 8 Marengo SNCF
60%
44 Université Paul Sabatier
51%
34 | 56 | 78 | +3 others Université Paul Sabatier
51%
59 | 69 | Lineo 10 La Vache
49%
23 | 80 Rangueil
43%
36 Roseraie
43%
33 | 76 Argoulets
42%
43 Argoulets
42%
63 Compans Caffarelli
40%
37 Jolimont
40%
13 Saint Cyprien Republique
37%
60 Trois Cocus
36%
Lineo 1 Sept Deniers - Salvador Dali
33%
132 Sept Deniers Salvador Dali
33%
55 | 67 | Lineo 3 Plaisance Monestié
30%
49 | 85 | 311 | +5 others Portet Gare SNCF
30%
25 | 55 | 75 | +2 others Colomiers Gare SNCF
29%
117 | 301 | 302 | +13 others Muret Gare SNCF
29%
Lineo 2 Colomiers Lycée International
27%
48 | 63 | 116 Tournefeuille Lycée
27%
31 Aeroport
26%
30 Aeroport
26%
107 | Lineo 1 Fonsegrives Entiore
26%
Lineo 9 L'Union Grande Halle
26%
110 Barriere de Paris
25%
Lineo 9 Saint Orens Centre Commercial
25%
81 | 109 | 202 | +2 others Castanet Tolosan
23%
130 | Lineo 10 Fenouillet Centre Commercial
23%
Lineo 8 Gonin
23%
66 Grand Rond
22%
115 Saint Agne SNCF
22%
78 | 79 Saint Orens Lycée
22%
83 Saint Orens Lycee
22%
70 Aeroconstellation
20%
30 MEETT
19%
45 | 46 | 66 Pelletier Purpan
19%
13 | 25 Oncopole Courrière
18%
18 | 87 Cité Scolaire Rive Gauche
17%
87 | Lineo 11 Frouzins Complexe Sportif
17%
19 Place de l'indépendance
17%
58 Muret Lycée
15%
58 Seysses Gay
14%
21 Colomiers Airbus
13%
39 Amouroux
12%
29 Aucamville College
12%
54 Gleyze Vieille
12%
79 Labege Couder
12%
51 La Terrasse
12%
109 | 201 Malepere
12%
20 Beaupuy Mairie
11%
41 Chaussas
11%
60 | 69 Saint Alban Centre Commercial
11%
58 Seysses Maison d'Arret
11%
32 Brax Maudinat
10%
15 Etats Unis Fondeyre
10%
40 L'Union Malbou
10%
27 Toulouse Lautrec Negreneys
10%
80 Belberaud la Balme
9%
68 Castelmaurou Mairie
9%
102 | 107 Dremil Stade
9%
42 | 43 Saint Jean Clinique de L'Union
9%
53 Tibaous
9%
74 Andromede Lycee
8%
130 Andromede Lycée
8%
56 Auzeville Eglise
8%
33 Gratentour Gravette
8%
31 Guyenne Berry
8%
152 IUC
8%
76 Lapeyrouse
8%
26 Montberon
8%
50 Portet H. Boucher
8%
73 Saint Jean Lestang
8%
59 Saint Jory Collège
8%
72 Balma Lasbordes
7%
104 Balma Ribaute
7%
32 Colomiers Ramassiers Gare SNCF
7%
29 Fonbeauzard Mermoz
7%
84 Fonsegrives College
7%
74 | 75 Mondonville Moulis
7%
82 Ramonville Port Sud
7%
71 Seilh Mairie
7%
103 Dremil le Colombier
6%
110 Ginestous Chenes
6%
71 Aussonne Agassinnes
5%
101 Mondouzil ZA Les Landes
5%
112 Montjoie
5%
301 | 320 Muret Sans Souci
5%
132 Pôle
5%
104 Aigrefeuille Chemin du Baric
4%
204 | 205 Ayguesvives Collège
4%
113 College Pechbonnieu
4%
113 Fenouillet Croix
4%
321 Frouzins Tréville
4%
204 Labege Innopole Gare SNCF
4%
116 Saint Lys Rossignols
4%
111 Theogone
4%
121 Tournefeuille Les Chênes
4%
201 Varennes En Clavié
4%
131 Saint Alban Salvador Allende
3%
121 La Salvetat Apouticayre
3%
306 Muret C.A.M.
3%
131 Bruguieres Gutenberg
2%
314 Eaunes ZAC du Mandarin
2%
318 Lamasquère Mairie
2%
305 Muret Cote des Benes
2%
310 Muret Estantens Eglise
2%
303 Muret Peyrusse
2%
114 Quartier Virebent
2%
315 Saint Lys ZA du Boutet
2%
313 Le Fauga La Carrière
1%
202 Montbrun Lauraguais Roumieu
1%
304 Muret Guyenne
1%
302 Muret Salle Horizon
1%
312 Saint Clar Mairie
1%
Aucun quiz correspondant
Distribution des résultats
% des personnes avec chaque résultat
Percentile par nombre de réponses
Votre historique - résultats
Vous n’avez pas pris ce quiz